| 000 | 00977nam a2200265Ia 4500 | ||
|---|---|---|---|
| 003 | GCL | ||
| 005 | 20240530104452.0 | ||
| 008 | 140319s9999 xx 000 0 ara d | ||
| 040 |
_aGCL / _cGCL |
||
| 082 | 0 | 4 |
_a956.108 _bو د |
| 100 | 1 | _aوجيه كوثرانى | |
| 245 | 1 | 0 |
_aالدولة والخلافة فى الخطاب العربى ابان الثورة الكمالية فى تركيا / _cوجيه كوثرانى |
| 260 |
_aبيروت : _bدار الطليعة للطباعة والنشر، |
||
| 300 | _a247 ص | ||
| 490 |
_aسلسلة التراث العربى _v0 |
||
| 650 | 0 | 4 | _aتركيا - تاريخ |
| 650 | 0 | 4 | _aتركيا - تاريخ - العصر الحديث |
| 650 | 0 | 4 | _aالامبراطورية العثمانية - سقوط |
| 650 | 0 | 4 | _aثورة 1921 |
| 650 | 0 | 4 | _aالثورة الكمالية |
| 700 | 1 | _aرشيد رضا | |
| 700 | 1 | _aعبدالرحمن الشهبندر | |
| 700 | 1 | _aوجيه كوثرانى | |
| 942 |
_2ddc _cBK |
||
| 999 |
_c47918 _d47918 |
||